| 000 | 00527nam a22001217a 4500 | ||
|---|---|---|---|
| 999 |
_c9704 _d9704 |
||
| 003 | OSt | ||
| 008 | 201211b ||||| |||| 00| 0 eng d | ||
| 245 | _aPrabandhan Indian Journal of Management | ||
| 250 | _a2019(Jan Vol.12 No.1, Feb Vol.12 No.2, Mar Vol.12 No.3, Apr Vol.12 No.4, May Vol.12 No.5, Jun Vol.12 No.6, Jul Vol.12 No.7, Aug Vol.12 No.8, Sep Vol.12 No.9, Oct Vol,12 No.10, Nov Vol.12 No.11, Dec Vol.12 No.12) | ||
| 260 |
_aNew Delhi _bAssociated Management Consultant Pvt. Ltd. |
||
| 650 | _aManagement | ||
| 942 |
_2ddc _cBV |
||